000 01030nam a2200277 i 4500
001 184748
003 ES-MaACL
005 20240612112649.0
008 151127s2014 ck a |||| | spa d
020 _a978-958-58053-9-2
080 _a821.134.2-14"19"
100 1 _aBallesteros Almazán, Emilio.
_9145802
245 1 4 _aUna hialina visión invisible labra la palabra /
_cEmilio Ballesteros.
250 _a1ª ed.
260 _aPopayán, Colombia :
_bGamar,
_c2014.
300 _a76 p. :
_bil. ;
_c21 cm +
_e1 CD-Rom
490 1 _aPoesía
505 8 _aContiene: ;
_tAuto de ánimas ;
_tEl instante ;
_tJardín ;
_tSonetos mágicos
830 0 _aPoesía
_9177794
852 _aES-MaACL
_jA-13652
_9191760
_bR.150946
_cDEPO1
_dOlim: N-6652
_hDonación: Emilio Ballesteros
852 _aES-MaACL
_jROT 6/2/25
_9191760
_cROT
_hDonación: Emilio Ballesteros
903 _9145802
_aBallesteros Almazán, Emilio
_ednr
942 _2udc
_cMONOGRAFIA
999 _c184748
_d184748